| 000 | 00589nam a2200169Ia 4500 | ||
|---|---|---|---|
| 005 | 20260121165310.0 | ||
| 008 | 260121s9999 xx 000 0 und d | ||
| 020 | _a978-93-91558-05-5 | ||
| 041 | _amar | ||
| 082 | _a891.46109 | ||
| 100 | _aसागर, अंबादास | ||
| 245 | _aमराठी शाहिरवाड्मय परंपरा आणि अण्णाभाऊ साठे | ||
| 250 | _a1 | ||
| 260 |
_bभारतीय विचार साधना पुणे _c2021 |
||
| 300 | _a35 | ||
| 650 |
_aमराठी साहित्य _9216390 |
||
| 999 |
_c369964 _d369964 |
||